| 000 | 00000nam##2200000za#4500 |
| 001 | 9.625492 |
| 003 | CaOODSP |
| 005 | 20200706134929 |
| 007 | ta |
| 008 | 150406|2000||||xxc||||| f|0| 0 fre|d |
| 020 | |a0-660-96443-0 |
| 022 | |a1200-5231 |
| 040 | |aCaOODSP|bfre |
| 043 | |an-cn--- |
| 086 | 1 |aCS11-0019/160F |
| 245 | 00|aInégalités entre les quartiers des villes canadiennes / |cpar J. Myles, G. Picot et W. Pyper. |
| 260 | |aOttawa - Ontario : |bStatistique Canada. |c2000. |
| 300 | |a34p. : |bfigures, références, tableaux ; |c28 cm. |
| 490 | 1 |aDocuments de recherche|x1200-5231|vN° 160 |
| 500 | |a«Nous utilisons dans le présent document des données sur les secteurs de recensement (SR) pour analyser l'évolution des inégalités de revenu entre quartiers et la ségrégation résidentielle d'origine économique dans les huit plus grandes villes canadiennes entre 1980 à 1995.»--Résumé. |
| 520 | 3 |aNous utilisons dans le présent document des données sur les secteurs de recensement (SR) pour analyser l'évolution des inégalités de revenu entre quartiers et la ségrégation résidentielle d'origine économique dans les huit plus grandes villes canadiennes entre 1980 à 1995.--Résumé |
| 563 | |aCouverture souple |
| 590 | |a01-01|b2001-01-05 |
| 710 | 2 |aStatistique Canada. |bDirection des études analytiques. |
| 720 | 1 |aPicot, G. |
| 720 | 1 |aPyper, W. |
| 720 | 1 |aMyles, J. |
| 776 | 0#|tInégalités entre les quartiers des villes canadiennes / |w(CaOODSP)9.590774 |
| 830 | #0|aDocuments de recherche,|x1200-5231|vN° 160|w(CaOODSP)9.512877 |